| 000 | 00768nam a2200229 i 4500 | ||
|---|---|---|---|
| 001 | bg | ||
| 100 | 1 | _aKURLEJ, Wiesław | |
| 245 | 0 | 0 |
_aWybrane materiały pomocnicze z antropologii : _bdla studentów I roku wychowania fizycznego Politechniki Opolskiej / _cWiesław Kurlej, Renata Szyguła ; pod red. Wiesława Kurleja. |
| 260 |
_aOpole : _bPO, _c2004. |
||
| 300 |
_a80 s. ; _c24 cm. |
||
| 490 | 1 |
_aSkrypt / Politechnika Opolska, _x1427-9932 ; _vnr 267 |
|
| 504 | _aBibliogr. | ||
| 650 | 9 | _aAntropologia | |
| 655 | _aPodręczniki akademickie | ||
| 700 | 1 | _aSZYGUŁA, Renata | |
| 830 | 0 |
_aSkrypt (Politechnika Opolska) ; _vnr 267 |
|
| 040 | _cBPK | ||
| 041 | 0 | _apol | |
| 080 | _a572:504.75](075.8) | ||
| 942 | _cKS | ||
| 008 | s pl f |000 0 pol | ||
| 999 |
_c46322 _d46322 |
||
| 856 |
_uhttp://koha.tu.koszalin.pl/cgi-bin/koha/opac-detail.pl?biblionumber=46322 _yKatalog online BPK |
||